000 00419nam a2200157Ia 4500
008 160316s1987 xxu||||| |||| 00| 0 eng d
082 _a342.730200
_bKUR-IV
100 _aKurland Philip B
245 _aThe founder's constitution Vol.IV
250 _a
260 _aChicago
_bUniversity of Chicago Press
_c1987
300 _a701p
_b
_c
365 _bGratis
650 _a1.Constitution - U S A
700 _aLerner Ralph
_a
999 _c1199
_d1199